| 000 | 01473nam a2200325Ia 4500 | ||
|---|---|---|---|
| 001 | ebr10309216 | ||
| 003 | CaPaEBR | ||
| 006 | m u | ||
| 007 | cr cn||||||||| | ||
| 008 | 090616s2009 ne ab sb 101 0 eng d | ||
| 020 | _z9781586039486 | ||
| 040 |
_aCaPaEBR _cCaPaEBR |
||
| 035 | _a(OCoLC)427158977 | ||
| 050 | 1 | 4 |
_aGB5014 _b.O68 2009eb |
| 082 | 0 | 4 |
_a363.34525 _222 |
| 245 | 0 | 0 |
_aOptimisation of disaster forecasting and prevention measures in the context of human and social dynamics _h[electronic resource] / _cedited by Ion Apostol ... [et al.]. |
| 260 |
_aAmsterdam : _bIOS ; _aLancaster : _bGazelle (distributor), _c2009. |
||
| 300 |
_aix, 301 p. : _bill., maps. |
||
| 490 | 0 |
_aNATO science for peace and secdurity. Series E, Human and societal dynamics, _x1874-6276 ; _vv. 52 |
|
| 500 | _aConference proceedings. | ||
| 504 | _aIncludes bibliographical references and index. | ||
| 533 |
_aElectronic reproduction. _bPalo Alto, Calif. : _cebrary, _d2009. _nAvailable via World Wide Web. _nAccess may be limited to ebrary affiliated libraries. |
||
| 650 | 0 |
_aHazard mitigation _vCongresses. |
|
| 650 | 0 |
_aEmergency management _vCongresses. |
|
| 655 | 7 |
_aElectronic books. _2local |
|
| 700 | 1 | _aApostol, Ion. | |
| 710 | 2 |
_aNorth Atlantic Treaty Organization. _bPublic Diplomacy Division. |
|
| 710 | 2 | _aebrary, Inc. | |
| 856 | 4 | 0 |
_uhttp://site.ebrary.com/lib/rucke/Doc?id=10309216 _zAn electronic book accessible through the World Wide Web; click to view |
| 999 |
_c160917 _d160917 |
||